|
|
|
|
| LEADER |
00000nam a22000007a 4500 |
| 005 |
20110923093859.0 |
| 008 |
110923s2006 fr |||||s|||| 00| 0 fre d |
| 020 |
|
|
|a 978-2-7430-0880-2
|
| 035 |
|
|
|a 2327
|
| 040 |
|
|
|a vLex
|
| 090 |
|
|
|c 2539
|d 2539
|
| 100 |
1 |
|
|a Blaizot-Hazard, Catherine
|
| 245 |
1 |
4 |
|a Les contrats d'exploitation des droits de brevets d'invention
|h [Recurso electrn̤ico] /
|c Catherine Blaizot-Hazard
|
| 256 |
|
|
|a Servicio en ln̕ea.
|
| 260 |
|
|
|a France :
|b Lavoisier,
|c 2006
|
| 300 |
|
|
|a 1 recurso electrn̤ico
|
| 506 |
1 |
|
|a Contenido solo disponible en los productos indicados
|d vLex Global
|d vLex Global (Academic Edition, excluding Law Schools)
|d vLex Global (U.S. Academic Edition, Law Schools)
|d vLex Global (U.S. Academic Edition, excluding Law Schools)
|d vLex Global (Academic Edition, Law Schools)
|
| 650 |
0 |
4 |
|a Contratos de explotacin̤
|z Francia
|
| 740 |
0 |
|
|a vLex Libros (Servicio en ln̕ea)
|
| 856 |
4 |
0 |
|u http://vlex.com/source/contrats-exploitation-droits-brevets-invention-2327
|z Acceso restringido
|
| 942 |
|
|
|c BOOK
|